[Event "CZE-chT2A 1718"]
[Site "Czech Republic"]
[Date "2018.02.11"]
[Round "8.8"]
[White "Vavra, Jan1111"]
[Black "Tichy, Lukas"]
[Result "1/2-1/2"]
[WhiteElo "1971"]
[BlackElo "1946"]
[PlyCount "46"]
[EventDate "2017.10.15"]
[EventType "team-tourn"]
[EventRounds "11"]
[EventCountry "CZE"]
[SourceTitle "EXT 2022"]
[Source "ChessBase"]
[SourceDate "2021.10.06"]
[SourceVersion "1"]
[SourceVersionDate "2021.10.06"]
[SourceQuality "1"]
[WhiteTeam "Praha Vrsovice"]
[BlackTeam "Udlice"]
[WhiteTeamCountry "CZE"]
[BlackTeamCountry "CZE"]

1. Nf3 Nf6 2. d4 d5 3. Bf4 c5 4. e3 Nc6 5. c3 Qb6 6. Qb3 c4 7. Qxb6 axb6 8. Be2 Bf5 9. 0-0 e6 10. Nh4 Be4 11. Nd2 Bd3 12. Bxd3 cxd3 13. Nhf3 Ne4 14. Nxe4 dxe4 15. Ng5 f5 16. Nxe6 Kd7 17. d5 Na5 18. b3 g6 19. Be5 Rg8 20. f3 Bc5 21. Nxc5+ bxc5 22. fxe4 Rge8 23. Bf4 fxe4 1/2-1/2

[Event "CZE-chT2A 1718"]
[Site "Czech Republic"]
[Date "2017.11.19"]
[Round "3"]
[White "Herskovic, Radek"]
[Black "Tichy, Lukas"]
[Result "1-0"]
[WhiteElo "2183"]
[BlackElo "1946"]
[PlyCount "87"]
[EventDate "2017.10.15"]
[EventType "team-tourn"]
[EventRounds "11"]
[EventCountry "CZE"]
[SourceTitle "EXT 2022"]
[Source "ChessBase"]
[SourceDate "2021.10.06"]
[SourceVersion "1"]
[SourceVersionDate "2021.10.06"]
[SourceQuality "1"]
[WhiteTeam "Most Chess"]
[BlackTeam "Udlice"]
[WhiteTeamCountry "CZE"]
[BlackTeamCountry "CZE"]

1. e4 c5 2. Nf3 d6 3. d4 cxd4 4. Nxd4 Nf6 5. Nc3 a6 6. Bc4 e6 7. Bb3 Qc7 8. Qf3 Be7 9. Qg3 g6 10. Bh6 Nc6 11. 0-0-0 Na5 12. Qf3 Nxb3+ 13. axb3 Qa5 14. b4 Qh5 15. Bg7 Qg5+ 16. Kb1 Rg8 17. h4 Qe5 18. Bh6 Qh5 19. Bg5 Qxf3 20. Nxf3 Ng4 21. Bxe7 Kxe7 22. Rd2 Rd8 23. Rhd1 b5 24. e5 d5 25. Ne4 Bd7 26. Nc5 a5 27. Nb7 Rdc8 28. Nxa5 f6 29. exf6+ Nxf6 30. Re2 Ra7 31. Ne5 Kd6 32. Nb3 Rca8 33. c3 Be8 34. Kc2 Nd7 35. f4 Nb6 36. Nc5 Ra1 37. Rxa1 Rxa1 38. Nf3 Bd7 39. Ng5 Rh1 40. Nxh7 Rxh4 41. Nf8 Rxf4 42. Nfxd7 Nxd7 43. Rxe6+ Kc7 44. Re7 1-0